[Event "Kuala Lumpur op 3rd"]
[Site "Kuala Lumpur"]
[Date "2006.08.25"]
[Round "8"]
[White "Spiller, Paul"]
[Black "Tun, Seri Lanang Othman"]
[Result "1/2-1/2"]
[WhiteElo "2068"]
[BlackElo "2153"]
[PlyCount "79"]
[EventDate "2006.08.21"]
[EventType "swiss"]
[EventRounds "11"]
[EventCountry "MAS"]
[SourceTitle "CBM 114 Extra"]
[Source "ChessBase"]
[SourceDate "2006.11.03"]
[SourceVersion "1"]
[SourceVersionDate "2006.11.03"]
[SourceQuality "1"]

1. f4 d5 2. b3 c6 3. Nf3 Qc7 4. e3 Nf6 5. Bb2 Nbd7 6. Be2 e6 7. 0-0 Bd6 8. d4 0-0 9. Ne5 Ne4 10. Nd2 f5 11. Nxe4 fxe4 12. Bg4 Rf6 13. Qe2 Rh6 14. Rf2 a5 15. c4 b6 16. Qc2 Ba6 17. cxd5 Bxe5 18. Bxe6+ Rxe6 19. dxe6 Bd3 20. Qd1 Bxf4 21. Rxf4 Nf6 22. Rxf6 gxf6 23. Qg4+ Qg7 24. Qxg7+ Kxg7 25. Rc1 a4 26. bxa4 Rxa4 27. Rxc6 Rb4 28. Rc7+ Kg6 29. Ba3 Rb1+ 30. Kf2 Kf5 31. e7 Bb5 32. Rc1 Rxc1 33. Bxc1 Ke6 34. Ba3 Kd5 35. Ke1 f5 36. g3 Kc4 37. Kd2 Bd7 38. Bd6 Kd5 39. Bb4 Kc4 40. Bd6 1/2-1/2

[Event "Kuala Lumpur op 3rd"]
[Site "Kuala Lumpur"]
[Date "2006.08.25"]
[Round "7"]
[White "Tun, Seri Lanang Othman"]
[Black "Pham Thi Ngoc, Tu"]
[Result "1/2-1/2"]
[WhiteElo "2153"]
[BlackElo "2068"]
[PlyCount "84"]
[EventDate "2006.08.21"]
[EventType "swiss"]
[EventRounds "11"]
[EventCountry "MAS"]
[SourceTitle "CBM 114 Extra"]
[Source "ChessBase"]
[SourceDate "2006.11.03"]
[SourceVersion "1"]
[SourceVersionDate "2006.11.03"]
[SourceQuality "1"]

1. d4 d5 2. Nf3 Nf6 3. c3 c6 4. Bg5 Bf5 5. Qb3 Qb6 6. Qxb6 axb6 7. Nbd2 Nbd7 8. h3 e6 9. Nh4 Bg6 10. Nxg6 hxg6 11. Bf4 Be7 12. e3 0-0 13. a4 b5 14. a5 b4 15. Bd3 c5 16. 0-0 c4 17. Be2 b3 18. e4 Rfc8 19. Bg5 Bf8 20. Rfe1 Ra7 21. exd5 exd5 22. Bf4 Rca8 23. Nxc4 dxc4 24. Bxc4 Rxa5 25. Rab1 Nb6 26. Bxb3 Rb5 27. Bd1 Ra2 28. Bf3 Rbxb2 29. Bxb7 Nbd5 30. Be5 Rxf2 31. c4 Nf4 32. c5 N6h5 33. Bxf4 Nxf4 34. Rf1 Rxf1+ 35. Kxf1 Ne2 36. Rd1 Nxd4 37. Rxd4 Bxc5 38. Rd7 Rf2+ 39. Ke1 Rf5 40. Ke2 Kh7 41. Kd3 f6 42. Rd8 Re5 1/2-1/2

[Event "Kuala Lumpur op 3rd"]
[Site "Kuala Lumpur"]
[Date "2006.08.23"]
[Round "5"]
[White "Lim, Yee Weng"]
[Black "Tun, Seri Lanang Othman"]
[Result "1-0"]
[WhiteElo "2350"]
[BlackElo "2153"]
[PlyCount "95"]
[EventDate "2006.08.21"]
[EventType "swiss"]
[EventRounds "11"]
[EventCountry "MAS"]
[SourceTitle "CBM 114 Extra"]
[Source "ChessBase"]
[SourceDate "2006.11.03"]
[SourceVersion "1"]
[SourceVersionDate "2006.11.03"]
[SourceQuality "1"]

1. d4 d5 2. Nc3 c6 3. e4 dxe4 4. Nxe4 Nf6 5. Nxf6+ exf6 6. c3 Bd6 7. Bd3 Qc7 8. Qf3 Be6 9. Ne2 Qd7 10. h3 Na6 11. 0-0 0-0 12. Nf4 Bf5 13. Nh5 Bxd3 14. Qxd3 Nc5 15. Qf3 Ne6 16. Qxf6 g6 17. Ng3 Rfe8 18. Bh6 Be7 19. Qf3 f5 20. Bf4 Nxf4 21. Qxf4 Bd6 22. Qf3 Qe6 23. Rfd1 Bxg3 24. fxg3 Qe2 25. Qf2 Qc4 26. Re1 Re4 27. Rxe4 fxe4 28. Qc2 Re8 29. Qb3 Qxb3 30. axb3 a6 31. Kf2 Kf7 32. Ke3 g5 33. Ra5 Kg6 34. g4 Rf8 35. Rf5 Rxf5 36. gxf5+ Kxf5 37. g4+ Ke6 38. Kxe4 a5 39. c4 b6 40. d5+ cxd5+ 41. cxd5+ Kd6 42. Kd4 b5 43. Ke4 Kc5 44. Ke5 Kb4 45. d6 Kxb3 46. d7 a4 47. d8Q Kxb2 48. Qa5 1-0

[Event "Kuala Lumpur op 3rd"]
[Site "Kuala Lumpur"]
[Date "2006.08.23"]
[Round "6"]
[White "Tun, Seri Lanang Othman"]
[Black "Bennett, Hilton Petrie"]
[Result "0-1"]
[WhiteElo "2153"]
[BlackElo "2093"]
[PlyCount "72"]
[EventDate "2006.08.21"]
[EventType "swiss"]
[EventRounds "11"]
[EventCountry "MAS"]
[SourceTitle "CBM 114 Extra"]
[Source "ChessBase"]
[SourceDate "2006.11.03"]
[SourceVersion "1"]
[SourceVersionDate "2006.11.03"]
[SourceQuality "1"]

1. d4 Nf6 2. Nf3 g6 3. c3 Bg7 4. Bg5 0-0 5. Nbd2 d6 6. e3 h6 7. Bh4 Nbd7 8. Bc4 c5 9. 0-0 Rb8 10. Qe2 a6 11. a4 Qc7 12. a5 b5 13. axb6 Qxb6 14. Bxa6 Bxa6 15. Rxa6 Qxb2 16. Qd3 Qb5 17. Qxb5 Rxb5 18. e4 g5 19. Bg3 Nh5 20. Ra7 Nxg3 21. hxg3 Rd8 22. dxc5 Rxc5 23. c4 Nb6 24. Rxe7 Nd7 25. Nb3 Rxc4 26. Na5 Rc7 27. e5 dxe5 28. Re1 Bf6 29. Nxe5 Bxe7 30. Nec6 Bb4 31. Nxb4 Nf6 32. Nac6 Rd2 33. Ne7+ Rxe7 34. Rxe7 Rd1+ 35. Kh2 Ng4+ 36. Kh3 Nxf2+ 0-1

[Event "Kuala Lumpur op 3rd"]
[Site "Kuala Lumpur"]
[Date "2006.08.22"]
[Round "3"]
[White "Mok, Tze Meng"]
[Black "Tun, Seri Lanang Othman"]
[Result "1-0"]
[WhiteElo "2369"]
[BlackElo "2153"]
[PlyCount "91"]
[EventDate "2006.08.21"]
[EventType "swiss"]
[EventRounds "11"]
[EventCountry "MAS"]
[SourceTitle "CBM 114 Extra"]
[Source "ChessBase"]
[SourceDate "2006.11.03"]
[SourceVersion "1"]
[SourceVersionDate "2006.11.03"]
[SourceQuality "1"]

1. e4 e5 2. f4 d5 3. exd5 e4 4. d3 Qxd5 5. Nc3 Bb4 6. Bd2 Bxc3 7. Bxc3 Nf6 8. dxe4 Qxe4+ 9. Qe2 Bf5 10. Bxf6 gxf6 11. 0-0-0 0-0 12. Qxe4 Bxe4 13. Ne2 Nc6 14. Nc3 f5 15. Bb5 a6 16. Bxc6 Bxc6 17. Rhe1 Kh8 18. g3 Rfe8 19. Rxe8+ Rxe8 20. Kd2 b5 21. b4 Kg7 22. Re1 Rd8+ 23. Kc1 Rd4 24. a3 Rc4 25. Kb2 Be4 26. Rd1 c5 27. Kb3 cxb4 28. axb4 Rc6 29. Rd2 h5 30. Rd8 Bf3 31. Re8 h4 32. Re3 hxg3 33. Rxf3 g2 34. Ne2 Rg6 35. Ng1 Rg4 36. Kc3 Kh6 37. Kd4 Rg6 38. Rh3+ Kg7 39. Rg3 Kf6 40. Kd5 Rg4 41. Rxg4 fxg4 42. Ke4 Kg6 43. Ke5 f6+ 44. Ke6 g3 45. hxg3 Kh5 46. Kf5 1-0

[Event "Kuala Lumpur op 2nd"]
[Site "Kuala Lumpur"]
[Date "2005.08.23"]
[Round "6"]
[White "Tun, Seri Lanang Othman"]
[Black "Zhang, Jilin"]
[Result "0-1"]
[WhiteElo "2129"]
[BlackElo "2356"]
[PlyCount "54"]
[EventDate "2005.08.20"]
[EventType "swiss"]
[EventRounds "11"]
[EventCountry "MAS"]
[SourceTitle "CBM 108 Extra"]
[Source "ChessBase"]
[SourceDate "2005.11.04"]
[SourceVersion "1"]
[SourceVersionDate "2005.11.04"]
[SourceQuality "1"]

1. d4 Nf6 2. Nf3 g6 3. c3 Bg7 4. Bg5 0-0 5. Nbd2 d5 6. e3 Bf5 7. Nh4 Bg4 8. Nhf3 Nbd7 9. h3 Bf5 10. g4 Be4 11. Nxe4 Nxe4 12. h4 c5 13. Qb3 cxd4 14. exd4 Nb6 15. Be3 Qd7 16. Bh3 Nc4 17. Qc2 Rac8 18. h5 Qc7 19. Qc1 Qb6 20. Rb1 Nxe3 21. fxe3 Qd6 22. Rg1 e5 23. Kf1 Qa6+ 24. Kg2 Qe2+ 25. Kh1 Qxf3+ 26. Bg2 Qxg4 27. Bxe4 Qh3# 0-1